Kelahiran Nabi Musa a.s.

Bibliographic Details
Main Author: Mohd. Zaid Sani
Other Authors: Scott, Ayesha Abdullah
Format: Book
Published: Kuala Lumpur : Dewan Bahasa Dan Pustaka , 1999
Series:Kegemilangan anbiya':Nabi Musa
Subjects:

MARC

LEADER 00000cam a2200000 7i4500
001 0000037708
002 000040818
005 20011029.0
020 |a 983626213X 
090 0 0 |a 297   |b MOH 
100 0 |a Mohd. Zaid Sani 
245 1 0 |a Kelahiran Nabi Musa a.s.   |c Mohd. Zaid Sani dan Ayesha Abdullah Scott 
255 |a Buku 2 
260 |a Kuala Lumpur :   |b Dewan Bahasa Dan Pustaka ,   |c 1999 
300 |a 26p. :   |b ill. ;   |c 31cm. 
490 0 |a Kegemilangan anbiya':Nabi Musa 
650 0 0 |a Islamic stories, Malay 
650 0 0 |a Prophet, Muhammad   |x Companions 
700 1 |a Scott, Ayesha Abdullah 
999 |a 079640   |b BUKU   |c JUNIOR BOOKS   |e PERPUSTAKAAN KOMUNITI CAW KOTA DAMANSARA 
999 |a 079641   |b BUKU   |c JUNIOR BOOKS   |e PERPUSTAKAAN KOMUNITI CAW KOTA DAMANSARA 
999 |a 087183   |b BUKU   |c JUNIOR BOOKS   |e PERPUSTAKAAN KOMUNITI PETALING JAYA 
999 |a 087184   |b BUKU   |c JUNIOR BOOKS   |e PERPUSTAKAAN KOMUNITI PETALING JAYA 
999 |a 097779   |b BUKU   |c PINJAMAN   |e PERPUSTAKAAN KOMUNITI PETALING JAYA 
999 |a 097780   |b BUKU   |c PINJAMAN   |e PERPUSTAKAAN KOMUNITI PETALING JAYA